| 000 | 00870cab a2200301 4500 | ||
|---|---|---|---|
| 001 | ABS57330 | ||
| 008 | 090401t1997 xxu||||| |||| 00| 0 eng d | ||
| 035 | _a(Sirsi) u79947 | ||
| 041 | _aeng | ||
| 100 | _aSantry, C. | ||
| 245 | _aLifestyle and lottery | ||
| 260 | _c1997 | ||
| 350 | _a0 | ||
| 490 |
_aContract Journal _v389(6135) 23 July 1997, 12-13(2) |
||
| 520 | _aLooks at the key movers in the leisure market, including top clients, architects, QSs, and contractors, as well as largest planning applications. | ||
| 650 | _aARCHITECTS | ||
| 650 | _aCLIENTS | ||
| 650 | _aCONSTRUCTION MARKET | ||
| 650 | _aCONTRACTORS | ||
| 650 | _aLEISURE MARKET | ||
| 650 | _aLEISURE SECTOR | ||
| 650 | _aPLANNING APPLICATIONS | ||
| 650 | _aQUANTITY SURVEYORS | ||
| 650 | _aTRENDS | ||
| 690 | _aLEISURE AND RECREATION | ||
| 942 | _n0 | ||
| 948 | _c28/07/1997 | ||
| 999 |
_c50311 _d50311 |
||